00314nam a2200121Ia 4500008004100000020001500041041001200056100001900068245005500087260003200142300000800174650001000182221030s9999 xx 000 0 und d a9380358541 aEnglish aS. C. Rangwala 0aEstimating, Costing & Valuationcby S. C. Rangwala bCharotar PubaGujaratc2012 a738 aCivil